Los rostros del mal

Spremljeno u:
Bibliografski detalji
Autor kompanije: Instituto Universitario de Ciencias de las Religiones (Autor)
Format: Knjiga
Jezik:španjolski
Izdano: Madrid Khaf 2010
Izdanje:1a. ed
Teme:
Oznake: Dodaj oznaku
Bez oznaka, Budi prvi tko označuje ovaj zapis!

MARC

LEADER 00000cam a2200000 a 4500
001 UCD5476
003 CL-VaPUC
008 160908e20100000sp |||||||||||||||||spa|d
020 |a 9788493761561 
082 0 4 |a 214  |b INS  |2 21 
110 2 |a Instituto Universitario de Ciencias de las Religiones  |e author  |9 589235 
245 1 4 |a Los rostros del mal 
250 |a 1a. ed 
300 |a 302 p 
942 |c BK 
945 |d 20160908 17:08:00  |a dcastane 
260 |a Madrid  |b Khaf  |c 2010 
650 0 |a Mal  |9 323721 
650 0 |a Filosofía de la religión   |9 256017 
583 |a last modification  |c 20160908 17:08:00  |k Rodrigo Vera 
999 |c 366137  |d 366135 
952 |0 0  |1 0  |3 erb  |4 0  |6 214_000000000000000_INS_2010  |7 0  |8 A  |9 480183  |a BIBTEO  |b BIBTEO  |i 5341213  |o 214 INS 2010  |p 5341213  |r 2025-01-17  |w 2019-11-24  |y BK  |z Catalogado en:20160908  |k ICR